Creating and wasting Zambian fiscal space: Zambian fiscal performance, 2002 - 2011 (Record no. 39125)
[ view plain ]
| 000 -LEADER | |
|---|---|
| fixed length control field | 00683nam a2200157 a 4500 |
| 008 - FIXED-LENGTH DATA ELEMENTS--GENERAL INFORMATION | |
| fixed length control field | 150205s2012 ||||||||||||||||| || u |
| 050 ## - LIBRARY OF CONGRESS CALL NUMBER | |
| Classification number | ZIPAR(02)2012/4 |
| 100 ## - MAIN ENTRY--PERSONAL NAME | |
| Personal name | Whitworth, Alan |
| 245 10 - TITLE STATEMENT | |
| Title | Creating and wasting Zambian fiscal space: Zambian fiscal performance, 2002 - 2011 |
| Statement of responsibility, etc. | by Alan Whitworth |
| 260 ## - PUBLICATION, DISTRIBUTION, ETC. | |
| Place of publication, distribution, etc. | Lusaka: |
| Name of publisher, distributor, etc. | Zambia Institute for Policy Analysis and Research (ZIPAR) |
| Date of publication, distribution, etc. | 2012 |
| 300 ## - PHYSICAL DESCRIPTION | |
| Extent | 32p.: ill. |
| 650 ## - SUBJECT ADDED ENTRY--TOPICAL TERM | |
| Topical term or geographic name entry element | FINANCE, PUBLIC--ZAMBIA |
| 650 ## - SUBJECT ADDED ENTRY--TOPICAL TERM | |
| Topical term or geographic name entry element | SAVING AND INVESTMENT--ZAMBIA |
| 650 ## - SUBJECT ADDED ENTRY--TOPICAL TERM | |
| Topical term or geographic name entry element | FINANCE, PUBLIC--ZAMBIA--RESEARCH |
| 995 ## - RECOMMENDATION 995 [LOCAL, UNIMARC FRANCE] | |
| -- | CBU-MAIN LIBRARY (Kitwe) |
| -- | 1 |
| -- | AVAILABLE |
| -- | Sep 15, 2015 |
| -- | Zambiana Collection |
| Withdrawn status | Lost status | Source of classification or shelving scheme | Damaged status | Not for loan | Home library | Current library | Shelving location | Date acquired | Total Checkouts | Full call number | Barcode | Date last seen | Price effective from | Koha item type |
|---|---|---|---|---|---|---|---|---|---|---|---|---|---|---|
| CBU-MAIN LIBRARY, KITWE. | CBU-MAIN LIBRARY, KITWE. | 11/30/2022 | ZIPAR(02)2012/4 | B2014 | 11/30/2022 | 11/30/2022 | MONOGRAPH |